000 00709nam a2200241Ia 4500
003 OSt
005 20220918202610.0
006 a|||||r|||| 00| 0
007 ta
008 220917b |||||||| |||| 00| 0 eng d
024 _a102,460
037 _cTextual
040 _aARTS
_cARTS
_beng
041 _2eng
_aeng
082 _aV25222.E<-C4, M5
100 _aGhosh Nagendra Nath
245 0 _aEarly history of Kausambi
_b f0rom the sixth century B C to the eleventh century AD
260 _aDelhi
_bDurga Publications India
_c1985
300 _a120p. plates
_ccm.
650 _aHISTORY
942 _hV25222.E<-C4, M5
_cTEXL
_2CC
999 _c225914
_d225914